000 00458nam a2200157Ia 4500
008 240729s9999 xx 000 0 und d
022 _a2083-4624
245 0 _aStudia Linguistica Universitatis Cracoviensis
260 _aPoland
260 _bJagiellonian University Press
650 _a Philology. Linguistics
650 _aLanguage and Literature
856 _uhttps://doaj.org/toc/d29148f5e66746fa9400507465bd5f4c
942 _2ddc
942 _cDOAJEJ
999 _c74573
_d74573
945 _a1
_bMadushi Gamage
_c1
_dMadushi Gamage